Giotto: los frescos de Asís

Đã lưu trong:
Chi tiết về thư mục
Tác giả chính: Salvini, Roberto (Tác giả)
Định dạng: Sách
Ngôn ngữ:Tiếng Tây Ban Nha
Được phát hành: Granada Albacian 1966
Loạt:Forma y Color. Los grandes Ciclos del Arte, 11
Những chủ đề:
Các nhãn: Thêm thẻ
Không có thẻ, Là người đầu tiên thẻ bản ghi này!

MARC

LEADER 00000nam a2200000 a 4500
001 UCU5432
003 CL-VaPUC
008 960604e19660000SP |||||||||||||||||spa|d
082 0 4 |a 759.02  |b SAL  |2 21 
100 0 |a Salvini, Roberto  |e author  |9 363437 
245 1 0 |a Giotto: los frescos de Asís 
300 |a 7 p 
942 |c BK 
945 |d 19960604 00:00:00  |a rbrito 
260 |a Granada  |b Albacian  |c 1966 
600 0 7 |a GIOTTO DI BONDONE  |2 CL-VaPUC  |9 265291 
650 0 |a Pintura italiana  |9 265293 
650 0 |a Pintores italianos  |9 265277 
650 0 |a Edad media  |9 258041 
650 0 |a Historia  |9 255047 
650 7 |a PINTURA MEDIEVAL  |2 CL-VaPUC  |9 265292 
583 |a last modification  |c 19960604 00:00:00  |k Rodrigo Vera 
490 0 |a Forma y Color. Los grandes Ciclos del Arte, 11 
999 |c 248799  |d 248797 
952 |0 0  |1 0  |4 0  |6 759_020000000000000_SAL_1966  |7 0  |8 A  |9 265662  |a BIBARQ  |b BIBARQ  |d 2019-11-19  |i 320717K  |o 759.02 SAL 1966  |p 320717K  |r 2025-01-20  |w 2019-11-19  |y BK  |k ARQ 
952 |0 0  |1 0  |4 0  |6 759_020000000000000_SAL_1966  |7 0  |8 A  |9 265663  |a BIBARQ  |b BIBARQ  |d 2019-11-19  |i 320782K  |o 759.02 SAL 1966  |p 320782K  |r 2025-01-20  |w 2019-11-19  |y BK  |k ARQ